Online katalóg knižníc regiónu Turca

Geniálne tipy a triky pre váš domov (Record no. 22359)

MARC details
000 -LEADER
fixed length control field 02111cam a2200565 a 4500
001 - CONTROL NUMBER
control field 22359
003 - CONTROL NUMBER IDENTIFIER
control field VRT
005 - DATE AND TIME OF LATEST TRANSACTION
control field 20260326153243.0
008 - FIXED-LENGTH DATA ELEMENTS--GENERAL INFORMATION
fixed length control field 240318s2016 xo o g f 001 0 slo
015 ## - NATIONAL BIBLIOGRAPHY NUMBER
National bibliography number SNBA2017/01
020 ## - INTERNATIONAL STANDARD BOOK NUMBER
International Standard Book Number 9788080972356
Qualifying information (viaz.)
035 ## - SYSTEM CONTROL NUMBER
System control number urn:nbn:sk:snk-am00dzfn
035 ## - SYSTEM CONTROL NUMBER
System control number urn:nbn:sk:snk-am3i9rm
035 ## - SYSTEM CONTROL NUMBER
System control number 24DD2962-D19C-43F4-A862-EF2F4A8F584E
039 #9 - LEVEL OF BIBLIOGRAPHIC CONTROL AND CODING DETAIL [OBSOLETE]
Level of rules in bibliographic description 202403182203
Level of effort used to assign nonsubject heading access points VLOAD
Level of effort used to assign subject headings 202108210751
Level of effort used to assign classification AUTHORITY
Level of effort used to assign subject headings 202108210743
Level of effort used to assign classification AUTHORITY
Level of effort used to assign subject headings 202005070743
Level of effort used to assign classification VLOAD
040 ## - CATALOGING SOURCE
Original cataloging agency SNK
Language of cataloging slo
Transcribing agency SNK
Modifying agency SVKBB
-- SNK
Description conventions AACR2
041 1# - LANGUAGE CODE
Language code of text/sound track or separate title slo
Language code of original ger
044 ## - COUNTRY OF PUBLISHING/PRODUCING ENTITY CODE
MARC country code xo
ISO country code SK
072 #7 - SUBJECT CATEGORY CODE
Subject category code 64
Subject category code subdivision Domáce hospodárstvo
Source konspekt
080 ## - UNIVERSAL DECIMAL CLASSIFICATION NUMBER
Universal Decimal Classification number 64
Edition identifier 2011
080 ## - UNIVERSAL DECIMAL CLASSIFICATION NUMBER
Universal Decimal Classification number 64.066
Edition identifier 2011
080 ## - UNIVERSAL DECIMAL CLASSIFICATION NUMBER
Universal Decimal Classification number (035)
Edition identifier 2011
100 1# - MAIN ENTRY--PERSONAL NAME
Personal name Kanbay, Feryal
Relationship aut
240 10 - UNIFORM TITLE
Uniform title Geniale Tipps und Tricks für ihr Zuhause
Language of a work Slovensky
245 10 - TITLE STATEMENT
Title Geniálne tipy a triky pre váš domov
Remainder of title s nami ušetríte čas, peniaze, námahu
Statement of responsibility, etc. [autori: Feryal Kanbay, Rainer Köthe, Heike Renwrantz ; z nemeckého originálu preložila Katarína Bobríková]
250 ## - EDITION STATEMENT
Edition statement 1. vyd.
260 ## - PUBLICATION, DISTRIBUTION, ETC.
Place of publication, distribution, etc. Bratislava
Name of publisher, distributor, etc. Tarsago Slovensko
Date of publication, distribution, etc. 2016
300 ## - PHYSICAL DESCRIPTION
Extent 320 s.
Other physical details fareb. fotogr.
Dimensions 26 cm
490 1# - SERIES STATEMENT
Series statement Reader's Digest
500 ## - GENERAL NOTE
General note Preložené z nemčiny
650 07 - SUBJECT ADDED ENTRY--TOPICAL TERM
Topical term or geographic name entry element domáce hospodárstvo
Source of heading or term SNKPH
650 07 - SUBJECT ADDED ENTRY--TOPICAL TERM
Topical term or geographic name entry element Home economics
Source of heading or term SNKPHeng
650 07 - SUBJECT ADDED ENTRY--TOPICAL TERM
Topical term or geographic name entry element úsporné opatrenia v domácnosti
Source of heading or term SNKPH
650 07 - SUBJECT ADDED ENTRY--TOPICAL TERM
Topical term or geographic name entry element Saving measures in households
Source of heading or term SNKPHeng
655 #7 - INDEX TERM--GENRE/FORM
Genre/form data or focus term príručky
Source of term SNKPH
655 #7 - INDEX TERM--GENRE/FORM
Genre/form data or focus term Handbooks, manuals, etc.
Source of term SNKPHeng
700 1# - ADDED ENTRY--PERSONAL NAME
Personal name Köthe, Rainer,
Dates associated with a name 1948-
Relationship aut
700 1# - ADDED ENTRY--PERSONAL NAME
Personal name Renwrantz, Heike
Relationship aut
700 1# - ADDED ENTRY--PERSONAL NAME
Personal name Bobríková, Katarína
Relationship trl
830 #0 - SERIES ADDED ENTRY--UNIFORM TITLE
Uniform title Reader's Digest
910 ## - USER-OPTION DATA (OCLC)
User-option data snk
910 ## - USER-OPTION DATA (OCLC)
User-option data savuk
942 ## - ADDED ENTRY ELEMENTS (KOHA)
Source of classification or shelving scheme Dewey Decimal Classification
Koha item type Odborná literatúra pre dospelých
Suppress in OPAC No
949 ## - LOCAL PROCESSING INFORMATION (OCLC)
6 270001000533768
a svkbbC 61809
b svkbbm 766118
949 ## - LOCAL PROCESSING INFORMATION (OCLC)
6 17A1219502
a snkSB 91072
b snk2017/488
o 2781/16
s 6100:20170222
949 ## - LOCAL PROCESSING INFORMATION (OCLC)
6 2889320485
a savukPV 23245
b savuk2017/237
949 ## - LOCAL PROCESSING INFORMATION (OCLC)
6 17A1253039
a snkSB 91072 D1
b snk2017/4440
o 2781/16
949 ## - LOCAL PROCESSING INFORMATION (OCLC)
6 273K0626633
a svkpoC 58788
b svkpo623964
Holdings
Stav vyradenia Strata Poškodenie Spôsob nadobudnutia Domovská knižnica Aktuálna knižnica Dátum nadobudnutia Total checkouts Čiarový kód exemplára Date last seen Typ exemplára
      Dar Obecná knižnica Horná Štubňa Obecná knižnica Horná Štubňa 26.03.2026   9788080972356 26.03.2026 Odborná literatúra pre dospelých
Projekt je podporený Slovenskou asociáciou knižníc
Prevádzkuje Turčianska knižnica Martin 2026